000 00832nam a2200253Ia 4500
003 OSt
005 20220923211113.0
006 a|||||r|||| 00| 0
007 ta
008 220922b |||||||| |||| 00| 0 hin d
020 _a8181432061 (hbk)
_c150
024 _a242,136
037 _b492, 04/03/2010, Vani Prakashan
_cTextual
040 _aARTS
_cARTS
_bhin
041 _2hin
_ahin
082 _aO152,1:g, P4
100 _aनरेश
_9158269
245 0 _aहिन्दी ग़ज़ल - दशा और दिशा
246 _aHindī ग़ज़l - dashā aur dishā
260 _aनई दिल्ली
_b वाणी प्रकाशन
_c2004
300 _a94पृ.
_ccm.
942 _hO152,1:g, P4
_cTEXL
_2CC
999 _c295285
_d295285